000 00802nam a2200253Ia 4500
003 OSt
005 20220923211449.0
006 a|||||r|||| 00| 0
007 ta
008 Pun
020 _a9789350685693 (pbk)
_c200
024 _a281,402
037 _b899, 25/07/2014, Bright Book Service
_cTextual
040 _aARTS
_cARTS
_bPun
041 _2Pun
_aPun
082 _aOxk, Q4
100 _aਕਪੂਰ, ਨਰਿੰਦਰ ਸਿੰਘ
245 0 _aਮਾਲਾ ਮਣਕੇ
260 _aਚੰਡੀਗੜ
_b ਲੋਕਗੀਤ ਪ੍ਰਕਾFਨ
_c2014
300 _a348ਪੰ
_ccm.
650 _aਪੰਜਾਬੀ ਸਾਹਿਤ
942 _hOxk, Q4
_cTEXL
_2CC
999 _c299782
_d299782